La Escuela del escandalo /

Guardat en:
Dades bibliogràfiques
Autor principal: Sheridan, Richard Brinsley, 1751-1816
Format: Llibre
Idioma:Spanish
Publicat: Madrid : Escelicer, 1969.
Col·lecció:Colección teatro ; no.643
LEADER 00840nam a22002171 4500
001 c000193868
003 CARM
005 20021125001700.0
008 851003s1969 sp 0 spa d
019 1 |a 3960143  |5 LACONCORD2021 
035 |a (OCoLC)216890624  |5 LACONCORD2021 
100 1 |a Sheridan, Richard Brinsley,  |d 1751-1816. 
240 1 4 |a School for scandal 
245 1 3 |a La Escuela del escandalo /  |c comedia en dos actos de R.B.Sheridan. Trad. y adapt. para TV.E. por L.F.de Igoa. 
260 |a Madrid :  |b Escelicer,  |c 1969. 
300 |a 72pp. 
440 0 |a Colección teatro ;  |v no.643 
852 8 |b CARM  |h A2:AK27A0  |i A03074  |p 0286194  |f BK 
082 0 4 |a 822.6 
999 f f |i a0c0e799-4916-57c6-b9c8-4888d61eec6a  |s 7870e84b-74c7-5ef2-be92-7a95deed9ee3 
952 f f |p Can circulate  |a CAVAL  |b CAVAL  |c CAVAL  |d CARM 1 Store  |e A03074  |f A2:AK27A0  |h Other scheme  |i book  |m 0286194